Applied Biocatalysis in Europe: A Sustainable Tool for Improving Life Quality (Record no. 13156)

MARC details
000 -LEADER
fixed length control field 01312nam a2200133Ia 4500
008 - FIXED-LENGTH DATA ELEMENTS--GENERAL INFORMATION
fixed length control field 220615s9999||||xx |||||||||||||| ||und||
020 ## - INTERNATIONAL STANDARD BOOK NUMBER
International Standard Book Number 9783040000000
245 #0 - TITLE STATEMENT
Title Applied Biocatalysis in Europe: A Sustainable Tool for Improving Life Quality
546 ## - LANGUAGE NOTE
Language note English[eng]
650 ## - SUBJECT ADDED ENTRY--TOPICAL TERM
Topical term or geographic name entry element biocatalysis||glycosidases||isomerases||Pichia pastoris||sweeteners||rare sugars||cheese whey||sustainable chemistry||penicillin acylase||aculeacin acylase||N-acyl-homoserine lactone acylases||quorum quenching||biofouling||estolides||castor oil||lipase||candida antarctica lipase A||Arabidopsis thaliana||hydroxynitrile lyase||oxynitrilase||His-tag||immobilization||batch||continuous flow||Geobacillus thermocatenolatus||lipases||ethanolysis||ionic liquids||kinetic resolution||mandelic acid||Aspergillus||fermentation||filamentous fungi||genetic engineering||heterologous expression||recombinant protein||secretion||transcriptional regulation||n/a||Halohydrin dehalogenases||conformational dynamics||active site tunnels||molecular dynamics simulations||omega-3 ethyl esters||monkfish liver oil||COSMO-RS||fungal resting cells||selectivity||ketone body ester||asymmetric synthesis||configuration inversion
700 ## - ADDED ENTRY--PERSONAL NAME
Personal name Alcantara, Andres R||Plou, Francisco
856 ## - ELECTRONIC LOCATION AND ACCESS
Uniform Resource Identifier <a href="https://mdpi.com/books/pdfview/book/3989">https://mdpi.com/books/pdfview/book/3989</a>
942 ## - ADDED ENTRY ELEMENTS (KOHA)
Koha item type E-Books
Holdings
Withdrawn status Lost status Damaged status Not for loan Home library Current library Date acquired Total Checkouts Date last seen Price effective from Koha item type
        Kerala University of Digital Sciences, Innovation and Technology Knowledge Centre Kerala University of Digital Sciences, Innovation and Technology Knowledge Centre 15/06/2022   15/06/2022 15/06/2022 E-Books